00988cam a22003614i 4500003000900000005001700009008004100026035002000067040003300087082001900120245008900139264003300228300003900261336002000300337002400320338002200344504003200366500001800398526001000416526001000426526001000436526001000446526000800456526000800464526000800472526000800480526000800488526000800496526000800504630004700512700003300559700003400592PE-LiUPU20250731172928.0 s1965 miu r0 001 0 spa d a(Sirsi) a204069 aPE-LiUPUbspacPE-LiUPUerda04a229.22bT422004aThe Acts of the apostles :b1-13 /cTranslator John W. Fraser and W. J. G. McDonald. aMichigan :bEerdmans,c1965. a481 páginas ;c19 centímetros. text2rdacontent unmediated2rdamedia volume2rdacarrier aIndice : páginas 455-481.0 achapter 1-13. aSEG42 aSEG41 aSEG40 aSEG39 aP94 aP87 aP86 aP85 aP77 aP76 aP3504aBiblia.pN.T.pHechos, 14-28vComentarios.1 aTorrance, David W.,eeditor.1 aTorrance, Thomas F.,eeditor.